Statistics for Whose hand?

Click here to take the quiz!

General Stats

  • This quiz has been taken 31 times
  • The average score is 5 of 12

Answer Stats

Answer% Correct
Michael Jackson
83%
Elizabeth II
77%
Adolf Hitler
73%
Martin Luther King
60%
Gene Simmons
40%
Winston Churchill
40%
Pope Francis
33%
Donald Trump
27%
LeBron James
23%
Paul McCartney
13%
Robert Baden-Powell
13%
Helen Keller
7%

Score Distribution

Percentile by Number Answered

Percent of People with Each Score

Your Score History

You have not taken this quiz